LEADER 02384nam2 22004693i 450 001 RAV0286964 005 20231121125642.0 010 $a8831191101 010 $a9788831191104$b2. ed. (rist.) 2005 100 $a19990316d1974 ||||0itac50 ba 101 | $aita$alat$clat 102 $ait 181 1$6z01$ai $bxxxe 182 1$6z01$an 200 1 $a˜23: Le œlettere 3. (185-270)$etesto latino dall'edizione maurina confrontato con il Corpus scriptorum ecclesiasticorum Latinorum$fSant'Agostino$gtraduzione e note di Luigi Carrozzi 210 $aRoma$cCittà Nuova$d[1974] 215 $a1124 p., [6] c. di tav.$cill.$d24 cm 461 1$1001CFI0025514$12001 $aOpere di sant'Agostino$v23 500 10$aEpistulae$3PUV0720576$9CFIV004595$920286 676 $a270$9STORIA DELLA CHIESA CRISTIANA$v21 700 1$aAugustinus$b, Aurelius$c $3CFIV004595$4070$0152280 702 1$aCarrozzi$b, Luigi$3CFIV018617 790 0$aAugustinus Aurelius$c $3BVEV021814$zAugustinus, Aurelius 790 0$aAgostino : d'Ippona$c $3CFIV013519$zAugustinus, Aurelius 790 1$aAgostino$b, Aurelio$c $3CFIV030601$zAugustinus, Aurelius 790 0$aAugustinus : von Hippo$c $3CFIV130059$zAugustinus, Aurelius 790 0$aAurelio Agostino$c $3CFIV137762$zAugustinus, Aurelius 790 0$aAgostino$c $3CFIV157151$zAugustinus, Aurelius 790 0$aAgostino$3CFIV211414$zAugustinus, Aurelius 790 0$aAugustinus : Hipponensis$c $3RMLV215613$zAugustinus, Aurelius 801 3$aIT$bIT-01$c19990316 850 $aIT-RM028 $aIT-RM0281 $aIT-FR0084 $aIT-RM0151 $aIT-FR0017 899 $aBiblioteca Universitaria Alessandrina$bRM028 899 $aBIBLIOTECA VALLICELLIANA$bRM0281 899 $aBiblioteca Del Monumento Nazionale Di Montecassino$bFR0084 899 $aBiblioteca Istituto Storico Italiano Medio Evo - I$bRM0151 899 $aBiblioteca umanistica Giorgio Aprea$bFR0017 $eN 912 $aRAV0286964 950 2$aBiblioteca umanistica Giorgio Aprea$d 52MAG 3 Coll A 23$e 52MAG0000047995 VMB RS $fA $h20200714$i20200714 977 $a 01$a 08$a 25$a 41$a 52 996 $aEpistulae$920286 997 $aUNICAS